Memórias paroquiais da Vila de Alandroal e seu termo (1758) (Record no. 16437)
[ view plain ]
| 000 -Etiqueta do registo | |
|---|---|
| Valores | 00399nam a2200133 4500 |
| 021 ## - Número do Depósito Legal | |
| Número | 361 236/13 |
| 100 ## - Dados gerais de processamento | |
| Dados gerais | 20251023 pory50 |
| 200 ## - Titulo e menção de responsabilidade | |
| Título próprio | Memórias paroquiais da Vila de Alandroal e seu termo (1758) |
| Primeira menção de responsabilidade | Isabel Alves Moreira |
| Outras menções de responsabilidade | il. da capa Fátima Alves Rei |
| 210 ## - Publicação | |
| Local de publicação | Lisboa |
| Nome do editor | Ed. Colibri |
| Data de publicação | 2013 |
| 215 ## - Descrição física | |
| Paginação / Volumes | 104 p. |
| Dimensões | 23 cm |
| 801 ## - Fonte de origem | |
| País | PT |
| Agência | BMA |
| Regras de catalogação | RPC |
| 990 ## - Elementos KOHA | |
| Tipo de documento | Livro |
| Situação do levantamento | Estado | Biblioteca de origem | Código de barras | Cota | Permissão de empréstimo | Tipo de documento | Forma de aquisição |
|---|---|---|---|---|---|---|---|
| Biblioteca Municipal do Alandroal | 13792/19-2 | 94(469.512)"1758"(093.2)MOR | Livro | Oferta |